000
00341 a2200157 4500
001
64457
020
_a
9788526274075
040
_c
Anchieta - Pituba
100
_a
Vicentino, Claúdio
240
1
0
_a
História 9º ano
_l
por
245
1
0
_a
História 9º ano
300
_a
312
362
0
_a
2009
650
4
_a
História do mundo
942
_c
BK
999
_c
64457
_d
64457